| 000 | 00749nam a2200277 a 4500 | ||
|---|---|---|---|
| 003 | AR-BaBNM | ||
| 005 | 20251128210301.0 | ||
| 008 | 082120s2002 ||||||||||||||000 | spa|| | ||
| 020 | _a85-16-00924-6 | ||
| 040 | _cAR-BaBNM | ||
| 100 | 1 | _aMoura, Enio | |
| 245 | 0 | 0 |
_aBiología educacional _bnoçôes de biologia aplicadas a educaçâo |
| 260 |
_aSan Pablo _bModerna _c1993 |
||
| 300 |
_a336 p. _bil., tablas |
||
| 504 | _aContiene bibliografía p. 316-336 | ||
| 650 | 4 | _aHIGIENE | |
| 650 | 4 | _aBIOLOGIA | |
| 650 | 4 | _aDESARROLLO DEL NIÑO | |
| 650 | 4 | _aDESARROLLO COGNOSCITIVO | |
| 650 | 4 | _aDESARROLLO AFECTIVO | |
| 650 | 4 | _aLENGUAJE | |
| 650 | 4 | _aALIMENTACION | |
| 653 | _aEDUCACION PARA LA SALUD | ||
| 942 | _cBK | ||
| 998 | _cRaquel | ||
| 999 |
_c14785 _d14785 |
||